000
00361nam a2200133Ia 4500
008
151001s9999||||xx |||||||||||||| ||und||
100
_a
श दा पेंडसे
245
_a
राजगुरू समर्थ रामदास
250
_a
1
260
_b
केशरी प्रकाशन
260
_c
1974
300
_a
412
365
_b
21
999
_c
961853
_d
961850